Statistics for Word in the Middle #2

Click here to take the quiz!

General Stats

  • This quiz has been taken 23,086 times
    (21,505 since last reset)
  • The average score is 17 of 30

Answer Stats

Phrase % Correct
Picnic {Basket} Case
87%
Alarm {Clock} Tower
86%
Fountain {Pen} Pal
80%
Clockwork {Orange} Juice
80%
Motion {Picture} Frame
80%
Thunder {Storm} Trooper
80%
Golf {Club} Soda
75%
Bulletin {Board} Game
75%
Cell {Phone} Book
74%
Sand {Dune} Buggy
72%
Crock {Pot} Roast
72%
DVD {Player} Piano
67%
Hair {Band} Aid
65%
Card {Table} Tennis
65%
Sports {Car} Wash
60%
Tennis {Court} House
57%
Shower {Curtain} Call
55%
Cable {TV} Dinner
55%
Water {Fountain} Pen
51%
Park {Bench} Press
48%
Finish {Line} Dance
46%
Human {Race} Track
42%
Funeral {Home} Run
35%
Dinner {Bell} Curve
35%
Comfort {Food} Fight
34%
Sand {Dollar} Bill
30%
Family {Tree} House
17%
Double {Cross} Walk
15%
National {Guard} Dog
9%
Crab {Grass} Skirt
8%

Score Distribution

Percentile by Number Answered

Percent of People with Each Score

Your Score History

You have not taken this quiz since the last reset